Žyttjevyj juvilej sportsmena Petru Bondrovi - 50

Bibliographic Details
Format: Article
Language:Ukrainian
PhysicalDescription:Fotografie
Subjects:

MARC

LEADER 00000nab a2200000 4500
001 vtls011771566
003 SK-MaSNL
005 20260318115252.0
008 180809c2018 xo er|n || ||00 c0ukr
015 |a SNBRB2018/08 
038 |a SVKPOCL 
040 |a SVKPOCL  |b slo  |c SVKPOCL  |e rda 
041 0 |a ukr 
043 |a e-xo--- 
044 |a xo  |c SK 
072 7 |a 796  |x Šport. Hry. Telesné cvičenia  |2 konspekt 
080 |a 796.966.071.2  |2 2011 
080 |a 796.9  |2 2011 
080 |a (=161.2)  |2 2011 
080 |a (437.6)  |2 2011 
080 |a (739.7)  |2 2011 
080 |a 929 Bondra, Peter  |2 2011 
245 0 0 |a Žyttjevyj juvilej sportsmena  |b Petru Bondrovi - 50  |c [autor] r 
300 |b Fotografie 
500 |a V rubrike Z krajiny i kraju 
600 1 7 |a Bondra, Peter,  |d 1968-  |2 svkpocl  |9 240671 
610 2 7 |a Washington Capitals (hokejový klub : Washington, D.C.)  |2 svkpocl  |9 1605098 
650 0 7 |a hokejisti  |2 SNKPH  |9 3233 
650 0 7 |a hokej  |2 SNKPH  |9 3232 
650 0 7 |a Rusíni  |2 SNKPH  |9 4087 
650 0 7 |a osobnosti  |2 SNKPH  |9 29820 
650 0 7 |a biografia  |2 SNKPH  |9 71085 
650 0 7 |a rodáci  |2 SNKPH  |9 30842 
651 7 |a Poprad (Slovensko)  |2 SNKPHgeo  |9 20155 
651 7 |a Washington (D.C.)  |2 SNKPHgeo  |9 56312 
773 0 |t Nove žyttja  |g Roč. 68, č. 3-4 (2018), s. 3 
852 |a SVKPO  |b KIS3GCP 
958 |a RN 
958 |a SS 
958 |a BX 
958 |a UK 
958 |a UA 
958 |a US 
999 |c 3305113  |d 3307043